<The> political Economy of the "Brazilian Economic Miracle"

Enregistré dans:
Détails bibliographiques
Auteur principal: Nunes, A.J. Avelas
Format: Livre
Langue:anglais
Publié: Budapest Institute for World Economics of the Hungarian of Sciences 1990
Édition:1. ed.
Tags: Ajouter un tag
Pas de tags, Soyez le premier à ajouter un tag!

MARC

LEADER 00000nam a2200000 4500
001 c030749
005 20221215114312.5
041 0 |a eng 
044 |a HU 
245 1 0 |a <The> political Economy of the "Brazilian Economic Miracle"  |c A.J. Avelas Nunes 
250 |a 1. ed. 
264 1 |a Budapest  |b Institute for World Economics of the Hungarian of Sciences  |c 1990 
300 |a 89 s. 
100 1 |a Nunes, A.J. Avelas